AGRICULTURAL STATISTICS (Record no. 25700)

MARC details
000 -LEADER
fixed length control field 00335nam a22001457a 4500
003 - CONTROL NUMBER IDENTIFIER
control field SGT
020 ## - INTERNATIONAL STANDARD BOOK NUMBER
International Standard Book Number 978-93-272-6440-1
082 ## - DEWEY DECIMAL CLASSIFICATION NUMBER
Classification number 630.21
Item number SAR
100 ## - MAIN ENTRY--PERSONAL NAME
Personal name SHARMA, ABHIJIT
245 ## - TITLE STATEMENT
Title AGRICULTURAL STATISTICS
260 ## - PUBLICATION, DISTRIBUTION, ETC. (IMPRINT)
Place of publication, distribution, etc INDIA
Name of publisher, distributor, etc KALYANI
Year of Publication 2023
300 ## - PAGE DESCRIPTION
No. of Pages 738
650 ## - SUBJECT ADDED ENTRY--TOPICAL TERM
Topical term or geographic name as entry element AGRICULTURAL STATISTICS
942 ## - ADDED ENTRY ELEMENTS (KOHA)
Source of classification or shelving scheme Dewey Decimal Classification
Koha item type Books
942 ## - ADDED ENTRY ELEMENTS (KOHA)
-- 10
Holdings
Withdrawn status Lost status Source of classification or shelving scheme Damaged status Not for loan Home library Current library Shelving location Date acquired Vendor Name Cost, normal purchase price SGTU Bill Number Total Checkouts Full call number Accession No. (Barcode) Date last seen Date last borrowed Bill Date Koha item type Total Renewals
    Dewey Decimal Classification     SGT Science & Social Sciences Library SGT Science & Social Sciences Library Text Book 21/02/2024 KALYANI 550.00 SGTU 2140 1 630.21 SAR AG2451 10/09/2025 12/03/2024   Books  
    Dewey Decimal Classification     SGT Science & Social Sciences Library SGT Science & Social Sciences Library Text Book 21/02/2024 KALYANI 550.00 SGTU 2140 6 630.21 SAR AG2452 27/10/2025 27/10/2025   Books 1
    Dewey Decimal Classification     SGT Science & Social Sciences Library SGT Science & Social Sciences Library Text Book 21/02/2024 KALYANI 550.00 SGTU 2140 2 630.21 SAR AG2453 12/06/2025 27/05/2025   Books  
    Dewey Decimal Classification     SGT Science & Social Sciences Library SGT Science & Social Sciences Library Text Book 21/02/2024 KALYANI 550.00 SGTU 2140 7 630.21 SAR AG2454 20/05/2025 06/05/2025   Books  
    Dewey Decimal Classification   Not For Loan SGT Science & Social Sciences Library SGT Science & Social Sciences Library Reference Book 21/02/2024 KALYANI 550.00 SGTU 2140   630.21 SAR AG2455 21/02/2024     Books